000 01150cam a2200301 a 4500
001 16169934
003 OSt
005 20240214152647.0
008 100326s2009 gw a bc 000 0 eng
010 _a 2010451068
020 _a9783938666630
040 _aDLC
_cDLC
042 _apcc
050 0 0 _aNA2780
_b.A715 2009
082 _a720.284
_bARC
245 0 0 _aArchitectural renderings :
_bconstruction and design manual : [history and theory, studios and practices] /
_c[edited by] Fabio Schillaci ; [essays by Augusto Romano Burelli, Fabrizio Avella].
246 3 _aConstruction and design manual :
_bArchitectural renderings
260 _aBerlin :
_bDOM publishers,
_cc2009.
300 _a465 p. :
_bill. (chiefly col.) ;
_c29 cm.
504 _aIncludes bibliographical references.
650 0 _aArchitectural rendering
_vCatalogs.
_9120394
700 1 _aSchillaci, Fabio,
_d1977-
_9120395
700 1 _aBurelli, Augusto Romano.
_9120396
700 1 _aAvella, Fabrizio.
_9120397
906 _a7
_bcbc
_corigres
_d3
_encip
_f20
_gy-gencatlg
942 _2ddc
_cBK
999 _c607714
_d607714